Английский язык (Запись № 4759563)

Подробности
000 -МАРКЕР
контрольное поле 01501nam0a2200337 i 4500
001 - ИДЕНТИФИКАТОР ЗАПИСИ
контрольное поле RU\NLR\bibl\2075330
005 - ИДЕНТИФИКАТОР ВЕРСИИ
контрольное поле 20260409074251.0
010 ## - МЕЖДУНАРОДНЫЙ СТАНДАРТНЫЙ НОМЕР КНИГИ (ISBN)
Номер (ISBN) 9785090311984
Тираж 3000
021 ## - НОМЕР ГОСУДАРСТВЕННОЙ РЕГИСТРАЦИИ
Код страны российская федерация
Номер 2013-66286
Номер Листа государственной регистраци 4539
035 ## - ДРУГИЕ СИСТЕМНЫЕ НОМЕРА
Идентификатор записи (NLR Aleph) 002071421
100 ## - ДАННЫЕ ОБЩЕЙ ОБРАБОТКИ
Данные общей обработки 20131026d2013 u y0rusy50 ca
101 0# - ЯЗЫК РЕСУРСА
Язык текста, звукозаписи и т.д. русский
-- английский
102 ## - СТРАНА ПУБЛИКАЦИИ ИЛИ ПРОИЗВОДСТВА
Страна публикации российская федерация
105 ## - ПОЛЕ КОДИРОВАННЫХ ДАННЫХ: ТЕКСТОВЫЕ МАТЕРИАЛЫ, МОНОГРАФИЧЕСКИЕ
Кодированные данные о монографическом текстовом документе y |||||||||
200 1# - ЗАГЛАВИЕ И СВЕДЕНИЯ ОБ ОТВЕТСТВЕННОСТИ
Основное заглавие Английский язык
Сведения, относящиеся к заглавию книга для учителя
-- 11 класс
-- пособие для общеобразовательных организаций
Первые сведения об ответственности [О.В. Афанасьева и др.]
205 ## - СВЕДЕНИЯ ОБ ИЗДАНИИ
Сведения об издании 4-е изд.
210 ## - ПУБЛИКАЦИЯ, РАСПРОСТРАНЕНИЕ И ДР.
Место издания, распространения и т.д. Москва
Имя издателя, распространителя и т. д. Express publishing
-- Просвещение
Дата издания, распространения и т.д. 2013
215 ## - ФИЗИЧЕСКАЯ ХАРАКТЕРИСТИКА
Специфическое обозначение материала и объем 234 c.
Размеры 29
225 1# - СЕРИЯ
Основное заглавие серии Английский в фокусе
300 ## - ОБЩИЕ ПРИМЕЧАНИЯ
Текст примечания На обл.: Spotlight: teacher's book: 11 / Virginia Evans , Jenny Dooley, Bob Obee [и др.]
512 1# - ЗАГЛАВИЕ ОБЛОЖКИ
Связь между полями z45790
Заглавие обложки Spotlight
Сведения, относящиеся к заглавию teacher's book
-- 11
606 ## - НАИМЕНОВАНИЕ ТЕМЫ КАК ПРЕДМЕТ
Наименование темы Английский язык
Тематический подзаголовок Преподавание
-- Средняя школа
Формальный подзаголовок Руководства, пособия и т.п.
Идентификатор авторитетной/нормативной записи RU\NLR\AUTH\661291071
Системный номер авторитетной/нормативной записи 2142276
686 1# - ИНДЕКСЫ ДРУГИХ КЛАССИФИКАЦИЙ
Индекс Ч426.179Ан2(2)я7
702 #1 - ИМЯ ЛИЦА - ВТОРИЧНАЯ ОТВЕТСТВЕННОСТЬ
Код отношения Составитель
Материалы, к которым относится поле rus
Графика поля Кириллица
Начальный элемент ввода Афанасьева
Часть имени, кроме начального элемента ввода О. В.
Дополнения к именам, кроме дат д-р филол. наук
Даты 1948-
Расширение инициалов личного имени Ольга Васильевна
Идентификатор авторитетной/нормативной записи RU\NLR\AUTH\777326
Системный номер авторитетной/нормативной записи 117263
790 #1 - ИМЯ ЛИЦА - АЛЬТЕРНАТИВНАЯ ФОРМА
Связь между полями z45512
Начальный элемент ввода Evans
Часть имени, кроме начального элемента ввода V.
Расширение инициалов личного имени Virginia
Код отношения Автор
801 #0 - ИСТОЧНИК ЗАПИСИ
Страна российская федерация
Организация NLR
Дата составления 20130925
Правила каталогизации RCR
801 #1 - ИСТОЧНИК ЗАПИСИ
Страна российская федерация
Организация NLR
Дата составления 20130925
942 ## - ДОПОЛНИТЕЛЬНЫЕ ЭЛЕМЕНТЫ ЗАПИСИ (АБИС)
Тип экземпляра АБИС Книга
980 ## - КОЛЛЕКЦИЯ
Название коллекции НБР

Нет доступных экземпляров.